Statistics for Name all URC Teams (United Rugby Championship)

Click here to take the quiz!

General Stats

  • This quiz has been taken 24 times
  • The average score is 14 of 16

Answer Stats

Answer% Correct
Cardiff
94%
Edinburgh
94%
Glasgow
94%
Leinster
94%
Munster
94%
Bulls
88%
Connacht
88%
Sharks
88%
Ulster
88%
Benetton
81%
Ospreys
81%
Scarlets
81%
Stormers
81%
Dragons
75%
Lions
69%
Zebre
69%

Score Distribution

Percentile by Number Answered

Percent of People with Each Score

Your Score History

You have not taken this quiz